Can you name the runner up cy young pitchers? - Statistics

General Stats
  • This quiz has been taken 11 times
  • The average score is 9 of 15
Answer Stats
Hint Answer % Correct
AL 2018 Justin Verlander
100%
AL 2016 Justin Verlander
100%
NL 2017 Clayton Kershaw
89%
NL (Tie) 2019 Max Scherzer
89%
NL 2018 Max Scherzer
89%
AL 2021 Gerrit Cole
78%
AL 2019 Gerrit Cole
78%
AL 2017 Chris Sale
56%
NL 2021 Zack Wheeler
44%
NL (Tie) 2019 Hyun-Jin Ryu
33%
NL 2016 Jon Lester
33%
NL 2022 Max Fried
33%
NL 2020 Yu Darvish
22%
AL 2022 Dylan Cease
11%
AL 2020 Kenta Maeda
0%
No matching quizzes found
Score Distribution
Percent of People with Each Score
Percentile by Number Answered
Your Score History
You have not taken this quiz